Dr. Seuss Book by Opening Line Quiz Stats

 Plays Quiz Updated Mar 17, 2020

Support Sporcle.
Go Orange.
Score 0/20 Timer 05:00
0 Plays Today
% Correct
Green Eggs and Ham
89.6%
If I Ran the Zoo
87.3%
Oh, the Places You'll Go!
84.7%
The Cat in the Hat
84.3%
There’s a Wocket in My Pocket!
83.7%
The Foot Book
81%
Hop on Pop
79.7%
I Can Read with My Eyes Shut!
76.2%
Would You Rather Be a Bullfrog?
67.4%
Oh! The Thinks You Can Think!
60.4%
% Correct
And To Think That I Saw It On Mulberry Street
58.3%
Yertle the Turtle and Other Stories
57.4%
The Lorax
55.5%
Horton Hears a Who!
44.7%
Horton Hatches the Egg
43.4%
The Butter Battle Book
37.6%
Did I Ever Tell You How Lucky You Are?
21.1%
Hunches in Bunches
12.2%
Dr. Seuss’s Sleep Book
10.7%
Daisy-Head Mayzie
9.5%

From the Vault

Spanish: Numbers

by Derek

If you study hard enough, soon you'll be able to read that mysterious second half of your appliance manuals.
Remove Ads.
Support Sporcle.
Get the best of Sporcle when you Go Orange. This ad-free experience offers more features, more stats, and more fun while also helping to support Sporcle. Thank you for becoming a member.

Show Comments

Extras

Top Quizzes Today


Score Distribution

Your Account Isn't Verified!

In order to create a playlist on Sporcle, you need to verify the email address you used during registration. Go to your Sporcle Settings to finish the process.

Report this User

Report this user for behavior that violates our Community Guidelines.

Details: